[Event "Jonkoping op"]
[Site "Jonkoping"]
[Date "1988.??.??"]
[Round "7"]
[White "Ejermo, Olof"]
[Black "Lindstren, Lars"]
[Result "1/2-1/2"]
[WhiteElo "1295"]
[BlackElo "1358"]
[PlyCount "24"]
[EventDate "1988.??.??"]
[EventType "swiss"]
[EventRounds "7"]
[EventCountry "SWE"]
[SourceTitle "EXT 2001"]
[Source "ChessBase"]
[SourceDate "2000.11.22"]
[SourceVersion "1"]
[SourceVersionDate "2000.11.22"]
[SourceQuality "1"]

1. e4 e6 2. d4 d5 3. exd5 exd5 4. Bd3 Nf6 5. Nc3 Bb4 6. Bd2 0-0 7. Nge2 Re8 8. 0-0 c6 9. Nf4 Bg4 10. Qc1 Bd6 11. Re1 Rxe1+ 12. Qxe1 Qc7 1/2-1/2

[Event "Jonkoping op"]
[Site "Jonkoping"]
[Date "1988.??.??"]
[Round "4"]
[White "Eriksson, Mats"]
[Black "Lindstren, Lars"]
[Result "1/2-1/2"]
[WhiteElo "1416"]
[BlackElo "1358"]
[PlyCount "98"]
[EventDate "1988.??.??"]
[EventType "swiss"]
[EventRounds "7"]
[EventCountry "SWE"]
[SourceTitle "EXT 2001"]
[Source "ChessBase"]
[SourceDate "2000.11.22"]
[SourceVersion "1"]
[SourceVersionDate "2000.11.22"]
[SourceQuality "1"]

1. c4 Nf6 2. Nc3 g6 3. Nf3 d6 4. d4 Bg7 5. e4 0-0 6. Be2 Bg4 7. Be3 c6 8. h3 Bxf3 9. Bxf3 Nbd7 10. Qe2 Rc8 11. h4 Qa5 12. Kd2 Ne8 13. g4 c5 14. d5 Ne5 15. h5 Nxf3+ 16. Qxf3 a6 17. Qh3 Bxc3+ 18. bxc3 Nf6 19. f3 Rfd8 20. hxg6 fxg6 21. Bh6 Kf7 22. g5 Nh5 23. Qe6+ Ke8 24. Qg8+ Kd7 25. Qxh7 Rg8 26. Rhb1 b5 27. Qf7 Rce8 28. a3 Qa4 29. cxb5 axb5 30. Qe6+ Kc7 31. Qh3 Nf4 32. Qf1 Rb8 33. Ke3 Nh5 34. Qd3 Rb6 35. Qf1 Qc2 36. Qd3 Qa4 37. Kd2 Nf4 38. Qf1 e5 39. Rb2 c4 40. Qg1 Nd3 41. Rbb1 Nf4 42. Rb4 Qa6 43. a4 bxa4 44. Rxb6 Qxb6 45. Qxb6+ Kxb6 46. Rxa4 Kc5 47. Rb4 Ra8 48. Rb2 Nd3 49. Rc2 Ra1 1/2-1/2